Métodos numéricos aplicados a la ingeniería

Bibliographic Details
Main Author: Akai, Terrence J.
Format: Section = Libro
Language:Undetermined
Spanish
Published: México Lexus Editores 2000
Subjects:
LEADER 00666nam a2200229Ia 4500
008 240830s9999 xx 000 0 und d
020 |a 968-18-5049-1 
040 |a B-ESTELÍ- RUACS / 005 A313 
041 |a spa 
082 |a 005 A313  
100 1 |a Akai, Terrence J. 
245 1 0 |a Métodos numéricos aplicados a la ingeniería 
260 |a México  |b Lexus Editores  |c 2000 
300 |a 447 p. :il 
650 7 |a PROGRAMACION DE COMPUTADORAS - MÉTODOS NUMERICOS 
650 7 |b  ECUACIONES ALGEBRAICAS 
650 7 |c  ANÁLISIS DE DATOS 
650 7 |d  CALCULO DE DATOS 
650 7 |e  DIFERENCIACION E INTEGRACION 
942 |c BK  |2 ddc 
991 |a TEXTO 
999 |c 10542